000 00682nam a2200205 i 4500
001 100063
003 ES-MaACL
005 20250915063042.0
007 t|
008 050921s1962 sp ||||1| spa d
100 1 _aMartínez Val, José María,
_d1916-
_978455
245 1 3 _aLa batalla de Alarcos... /
_cJosé María Martínez Val.
260 _aCiudad Real :
_bInstituto de Estudios Manchegos,
_c1962.
300 _a21 h., lám. 1-4 (1) :
_bmap. ;
_c21 cm.
500 _a(1) 3 pleg.
500 _aEs tirada aparte de Cuadernos de Estudios Manchegos, 1962, XII.
710 2 _aInstituto de Estudios Manchegos.
_94919
852 _aES-MaACL
_jC-22538
999 _c100063
_d100063